书目信息 |
| 题名: |
矿井保护接地装置的安装、检查、测定工作细则
|
|
| 作者: | 中华人民共和国煤炭工业部制定 | |
| 分册: | ||
| 出版信息: | 北京 煤炭工业出版社 1978.10 |
|
| 页数: | 15页 | |
| 开本: | 19cm | |
| 丛书名: | ||
| 单 册: | ||
| 中图分类: | TD611 | |
| 科图分类: | ||
| 主题词: | 矿山--输电 , 矿山--配电系统 | |
| 电子资源: | ||
| ISBN: | ||
| 000 | 00754nam0 2200229 45 | |
| 001 | 0310231045 | |
| 005 | 20031219104120.2 | |
| 010 | @dCNY0.10 | |
| 091 | @a15035.2189 | |
| 100 | @a20031023d1978 km y0chiy0120 ea | |
| 101 | 0 | @achi |
| 105 | @a z 000yy | |
| 200 | 1 | @a矿井保护接地装置的安装、检查、测定工作细则@AKuang Jing Bao Hu Jie Di Zhuang Zhi De An Zhuang、Jian Cha、Ce Ding GongZuo Xi Ze@f中华人民共和国煤炭工业部制定@FZhong Hua Ren Min Gong He Guo Mei Tan Gong Ye Bu Zhi Ding |
| 205 | @a试行 | |
| 210 | @a北京@c煤炭工业出版社@d1978.10 | |
| 215 | @a15页@d19cm | |
| 606 | 0 | @a矿山@x输电 |
| 606 | 0 | @a矿山@x配电系统 |
| 690 | @aTD611@v3 | |
| 701 | 0 | @a中华人民共和国煤炭工业部制定 |
| 801 | @aCN@bTSTC@c20031023 | |
| 905 | @f1@b2572@dTD611@e1 | |
| 矿井保护接地装置的安装、检查、测定工作细则/中华人民共和国煤炭工业部制定.-试行.-北京:煤炭工业出版社,1978.10 |
| 15页;19cm |
| ISBN :CNY0.10 |
| ● |
| 相关链接 |
|
|
|
|
正题名:矿井保护接地装置的安装、检查、测定工作细则
索取号:TD611/1
 
预约/预借
| 序号 | 登录号 | 条形码 | 馆藏地/架位号 | 状态 | 备注 |
| 1 | 0002572 | 001520054 | 密集书库/ [索取号:TD611/1] | 在馆 |